000 00356 a2200157 4500
001 70971
020 _a9788538039310
040 _cAnchieta - Itaigara
240 1 0 _aNa minha cama de princesa
_lpor
245 1 0 _aNa minha cama de princesa
300 _a23
362 0 _a2012
440 1 _aCiranda Cultural
650 4 _aLiteratura infantil
942 _cBK
999 _c70971
_d70971